Sports Quiz

Random Sports or NFL Quiz
Score 0/20 Timer 05:00
3 Plays Today
% Correct
Touchdown, Field Goal, or Successful Try
86.5%
Holding
86.1%
Safety
73.5%
Facemask
67.1%
Intentional Grounding of Pass
61.6%
Offside
59%
Interference with Forward Pass or Fair Catch
57%
False Start
52.7%
Tripping
47%
Delay of Game
45.3%
% Correct
Personal Foul
44.6%
Time Out
43%
Ineligible Receiver
28.5%
Illegal Shift
24.3%
Illegal Use of Hands, Arms or Body
22.1%
Twelve Men in Offensive Huddle
19.6%
Illegal Motion at Snap
17.8%
Illegal Contact
15.5%
Loss of Down
12.2%
Pass Juggled Inbounds and Caught Out of Bounds
11.9%
Remove Ads.
Support Sporcle.
Get the best of Sporcle when you Go Orange. This ad-free experience offers more features, more stats, and more fun while also helping to support Sporcle. Thank you for becoming a member.

You're not logged in!

Compare scores with friends on all Sporcle quizzes.
OR
Log In

Show Comments

Extras

Top Quizzes Today


Score Distribution

Your Account Isn't Verified!

In order to create a playlist on Sporcle, you need to verify the email address you used during registration. Go to your Sporcle Settings to finish the process.

Report this User

Report this user for behavior that violates our Community Guidelines.

Details: